| 000 | 00696cam a22002413a 4500 | ||
|---|---|---|---|
| 001 | 31029 | ||
| 003 | PGUSA | ||
| 005 | 20140828083654.0 | ||
| 008 | 100120s2010||||xxu|||||s|||||000 | eng d | ||
| 040 |
_aPGUSA _beng |
||
| 042 | _adc | ||
| 050 | 4 | _aPR | |
| 100 | 1 |
_aCoward, Noel, _d1899-1973 |
|
| 245 | 1 | 0 |
_a"I'll Leave It To You" : _bA Light Comedy In Three Acts _h[electronic resource] / _cNoel Coward |
| 260 |
_bProject Gutenberg, _c2010 |
||
| 506 | _aPublic domain in the USA. | ||
| 516 | _aElectronic text | ||
| 653 | _aComedies | ||
| 653 | _aInheritance and succession -- Drama | ||
| 830 | 0 |
_aProject Gutenberg _v31029 |
|
| 856 | 4 | 0 | _uhttp://www.gutenberg.org/ebooks/31029 |
| 942 | _cEB | ||
| 999 |
_c260284 _d260284 |
||